000 01264cam a2200313 a 4500
999 _c41632
_d41632
001 15379382
003 OSt
005 20221101114958.0
008 080724s2009 njua b 001 0 eng
010 _a 2008032715
020 _a9789332537927
020 _a9780131744417 (alk. paper)
020 _a0131744410 (alk. paper)
035 _a(OCoLC)ocn223932928
040 _aDLC
_cDLC
_dYDX
_dBTCTA
_dBAKER
_dYDXCP
_dDLC
050 0 0 _aBF204.6
_b.B38 2009
082 0 0 _a150.198
_222
_bBAU/P
100 1 _aBaumgardner, Steve R.
_99204
245 1 0 _aPositive psychology /
_cSteve R. Baumgardner, Marie K. Crothers.
260 _aUpper Saddle River, N.J. :
_bPrentice Hall,
_cc2009.
300 _axxi, 338 p. :
_bill. ;
_c26 cm.
504 _aIncludes bibliographical references (p. 295-325) and indexes.
650 0 _aPositive psychology.
700 1 _aCrothers, Marie K.
856 4 1 _3Table of contents only
_uhttp://www.loc.gov/catdir/toc/ecip0824/2008032715.html
906 _a7
_bcbc
_corignew
_d1
_eecip
_f20
_gy-gencatlg
942 _2ddc
_cBK
_h150.198
_iBAU/E
_k150.198
_mBAU/E